Civilization of the ancient Mediterranean : Greece and Rome

Αποθηκεύτηκε σε:
Λεπτομέρειες βιβλιογραφικής εγγραφής
Κύριος συγγραφέας: Grant, Michael 1914-
Άλλοι συγγραφείς: Kitzinger, Rachel 1948-
Μορφή: Βιβλίο
Γλώσσα:English
Δημοσίευση: New York : Charles Scribne's sons, c1988
Θέματα:
Ετικέτες: Προσθήκη ετικέτας
Δεν υπάρχουν, Καταχωρήστε ετικέτα πρώτοι!

MARC

LEADER 00000nam a2200000 i 4500
001 1/89621
008 990914s1988 eng d
020 |a 0-684-17594-0 
035 |l 10052838 
040 |a GR-MY-UA  |b gre  |e aacr 
041 0 |a eng 
082 0 |a 938 
100 1 |a Grant, Michael  |d 1914- 
245 1 0 |a Civilization of the ancient Mediterranean :  |b Greece and Rome /  |c edited by Michael Grant and Rachel Kitzinger 
260 |a New York :   |b Charles Scribne's sons,   |c c1988 
300 |a 1980 p. 
504 |a Includes bibliographies and index 
650 0 0 |a Civilization, Classical. 
700 1 |a Kitzinger, Rachel  |d 1948- 
852 |a INST  |b LESVOS  |e 19990922  |h 938 CIV  |p 005100019457  |q 005100019457  |t REF  |y 23  |z v.3 
852 |a INST  |b LESVOS  |e 19990922  |h 938 CIV  |p 005100019458  |q 005100019458  |t REF  |y 23  |z v.2 
852 |a INST  |b LESVOS  |e 19990914  |h 938 CIV  |p 005100019459  |q 005100019459  |t REF  |y 23  |z v.1 
852 |a INST  |b LESVOS  |e 19990922  |h 938 CIV  |p 005100019457  |q 005100019457  |t REF  |v v.3:  |y 23  |z v.3 
852 |a INST  |b LESVOS  |e 19990922  |h 938 CIV  |p 005100019458  |q 005100019458  |t REF  |v v.2:  |y 23  |z v.2 
852 |a INST  |b LESVOS  |e 19990914  |h 938 CIV  |p 005100019459  |q 005100019459  |t REF  |v v.1:  |y 23  |z v.1 
853 |a INST  |b LESVOS  |h 938 CIV 
901 |a BIBL1-1999-3 
909 |a Λ  |b 066411 
909 |a Λ  |b 066412 
909 |a Λ  |b 066413 
922 |a 1ΕΛΗ  |b 199906  |c ΚΠΣ/ΤΓ  |d ΠΑΠΑΣΩΤΗΡΙΟΥ 
950 |a 118-1998-07-21 
970 |a ΤΖΑΦΕΡΗ  |b ΕΥΑΓΓΕΛΙΑ  |z 1999/09/22